| 000 | 00788nam a2200253Ia 4500 | ||
|---|---|---|---|
| 003 | OSt | ||
| 005 | 20220918171350.0 | ||
| 006 | a|||||r|||| 00| 0 | ||
| 007 | ta | ||
| 008 | 220917b |||||||| |||| 00| 0 eng d | ||
| 020 |
_a9781538127704 (pbk) _cUKP 39.95 |
||
| 024 | _a355,087 | ||
| 037 |
_b166, 29/12/2021, Mallika Books _cTextual |
||
| 040 |
_aARTS _cARTS _beng |
||
| 041 |
_2eng _aeng |
||
| 082 | _a2:(L)g, R0(2D) | ||
| 100 |
_aSteribling Judy C. Ed. _936113 |
||
| 245 | 0 | _aClinical medical librarian's handbook | |
| 260 |
_aLanham _bRowman & Littlefield Maryland _c2020 |
||
| 300 |
_axvii,154p. _ccm. |
||
| 650 | _aLIBRARY SCIENCE | ||
| 942 |
_h2:(L)g, R0(2D) _cTEXL _2CC |
||
| 999 |
_c139223 _d139223 |
||